000 00632 a2200193 4500
999 _c7435
_d7435
020 _a9780071276160
050 _aHF5635 BAK 2009
100 _aBaker, Richard E.
_eauthor
245 _aAdvanced financial accounting /
_cRichard E. Baker, Valdean C. Lembke, Thomas E. King and Cynthia G. Jeffrey
250 _aEighth edition
264 _aBoston :
_bMcGraw-Hill,
_cc2009
300 _axxvi, 1058p. :
_bill.
500 _aIncludes index
650 _aAccounting
700 _aLembke, Valdean C.
_eauthor
700 _aKing, Thomas E.
_eauthor
700 _aJeffrey, Cynthia G.
_eauthor
942 _2lcc
_cBK
_e8th edition
_h5635
_iBAK
_kHF